Imágenes de oro (Record no. 1072)
[ view plain ]
| 000 -CABECERA | |
|---|---|
| campo de control de longitud fija | 00892nam a2200265 a 4500 |
| 001 - NÚMERO DE CONTROL | |
| campo de control | BRCA_1199 |
| 005 - FECHA Y HORA DE LA ÚLTIMA TRANSACCIÓN | |
| campo de control | 20190320203326.0 |
| 008 - DATOS DE LONGITUD FIJA--INFORMACIÓN GENERAL | |
| campo de control de longitud fija | 940112s1993 gt-a---##b---#001-0#spa-c |
| 020 ## - NÚMERO INTERNACIONAL ESTÁNDAR DEL LIBRO | |
| Número Internacional Estándar del Libro | 9977120838 |
| 041 ## - CÓDIGO DE LENGUA | |
| Código de lengua del texto/banda sonora o título independiente | spaeng |
| 050 #4 - SIGNATURA TOPOGRÁFICA DE LA BIBLIOTECA DEL CONGRESO | |
| Número de clasificación | NB276 |
| Número de documento/Ítem | .L85 1993 |
| 100 1# - ENTRADA PRINCIPAL--NOMBRE DE PERSONA | |
| Nombre de persona | Luján Muñoz, Luis |
| 9 (RLIN) | 1328 |
| 245 10 - MENCIÓN DE TÍTULO | |
| Título | Imágenes de oro |
| Mención de responsabilidad, etc. | Luis Luján Muñoz, Miguel Alvarez Arévalo |
| 260 ## - PUBLICACIÓN, DISTRIBUCIÓN, ETC. | |
| Lugar de publicación, distribución, etc. | Guatemala |
| Nombre del editor, distribuidor, etc. | Corporación G |
| Fecha de publicación, distribución, etc. | 1993 |
| 300 ## - DESCRIPCIÓN FÍSICA | |
| Extensión | 200 p. |
| Otras características físicas | il. a color |
| Dimensiones | 39 cm. |
| 440 #0 - MENCIÓN DE SERIE/PUNTO DE ACCESO ADICIONAL--TÍTULO | |
| Título | Galería Guatemala |
| Designación de volumen o secuencia | 2 |
| 9 (RLIN) | 3940 |
| 500 ## - NOTA GENERAL | |
| Nota general | Indice Alfabetico |
| 504 ## - NOTA DE BIBLIOGRAFÍA, ETC. | |
| Nota de bibliografía, etc. | Incluye referencias bibliográficas |
| 546 ## - NOTA DE LENGUA/LENGUAJE | |
| Nota de lengua/lenguaje | Texto en: español e inglés |
| 650 14 - PUNTO DE ACCESO ADICIONAL DE MATERIA--TÉRMINO DE MATERIA | |
| Término de materia o nombre geográfico como elemento de entrada | Escultura colonial |
| Subdivisión general | Trabajos Ilustrados |
| Subdivisión geográfica | Guatemala |
| 9 (RLIN) | 3941 |
| 650 14 - PUNTO DE ACCESO ADICIONAL DE MATERIA--TÉRMINO DE MATERIA | |
| Término de materia o nombre geográfico como elemento de entrada | Arte cristiano y simbolismo |
| Subdivisión general | Trabajos Ilustrados |
| Subdivisión geográfica | Guatemala |
| 9 (RLIN) | 3942 |
| 650 14 - PUNTO DE ACCESO ADICIONAL DE MATERIA--TÉRMINO DE MATERIA | |
| Término de materia o nombre geográfico como elemento de entrada | Santos en el arte |
| 9 (RLIN) | 2342 |
| 700 1# - PUNTO DE ACCESO ADICIONAL--NOMBRE DE PERSONA | |
| Nombre de persona | Alvarez Arévalo, Miguel |
| 9 (RLIN) | 3943 |
| 942 ## - ELEMENTOS DE PUNTO DE ACCESO ADICIONAL (KOHA) | |
| Fuente del sistema de clasificación o colocación | Library of Congress Classification |
| Tipo de ítem Koha | Libros |
| Estado de retiro | Estado de pérdida | Estado dañado | No para préstamo | Localización permanente | Ubicación/localización actual | Fecha de adquisición | Total de préstamos | Signatura topográfica completa | Código de barras | Fecha visto por última vez | Precio válido a partir de | Tipo de ítem Koha |
|---|---|---|---|---|---|---|---|---|---|---|---|---|
| El ejemplar forma parte de la colección y puede ser consultado según las políticas vigentes. | Biblioteca del Museo Franz Mayer (Rogerio Casas-Alatriste) | Biblioteca del Museo Franz Mayer (Rogerio Casas-Alatriste) | 26/06/2008 | NB276 .L85 1993 | 01709 | 22/03/2019 | 22/03/2019 | Libros |